| 000 | 00428nam a2200145 i 4500 | ||
|---|---|---|---|
| 001 | 49667 | ||
| 003 | ES-MaACL | ||
| 007 | t| | ||
| 008 | 030721s1919 xxk ||||1| eng d | ||
| 100 | 1 |
_aCotterill, H.B. _941195 |
|
| 245 | 1 | 0 |
_aStaly from Dante to Tarso _b: (1300-1600) / _cby H.B. Cotterill. |
| 260 |
_aLondon : _bGeorge G. Harrap & Comp., _c1919. |
||
| 300 |
_aXXVIII, 617 p., 32 lám. ; _c22 cm. |
||
| 852 |
_aES-MaACL _jG-6220 |
||
| 999 |
_c49667 _d49667 |
||